Statistiques concernant Candidats de l'émission "Les Marseillais" !

Cliquez ici pour prendre le quiz!

Statistiques générales

  • Ce quiz a été pris 3 185 fois
    (2 425 depuis la dernière actualisation)
  • Le résultat moyen est 114 sur 167

Statistiques - réponses

SaisonCandidat% Correct
Cancùn | MiamiJulie
99%
Asian Tour | Caraïbes | DubaïJessica
97%
Asian Tour | Australia | Cancùn | +7 othersPaga
97%
Australia | Rio | South Africa | +2 othersJessica
96%
Asian Tour | Australia | CaraïbesMaéva
94%
DubaïMaeva
94%
Asian Tour | Caraïbes | DubaïGreg
93%
Asian Tour | Australia | Caraïbes | South AmericaKevin
92%
Dubaï | South Africa | ThaïlandeKévin
92%
Australia | Caraïbes | Dubaï | South AmericaManon
92%
Caraïbes | DubaïThibault
92%
Asian Tour | Australia | Caraïbes | +3 othersCarla
91%
Australia | Cancùn | MiamiThibault
91%
Asian Tour | Caraïbes | DubaïJulien
89%
Asian Tour | Caraïbes | DubaïBenjamin
88%
Australia | Cancùn | Miami | +4 othersJulien
88%
Australia | RioBenjamin
87%
Caraïbes | DubaïOcéane
82%
Cancùn | Dubaï | Miami | +4 othersStéphanie
80%
Asian Tour | Australia | Rio | +3 othersAdixia
79%
DubaïMarine
77%
Asian Tour | CaraïbesAlix
75%
Cancùn | Rio | South Africa | ThaïlandeKim
72%
Caraïbes | DubaïVictoria
70%
CaraïbesNico
68%
Cancùn | Miami | Rio | +2 othersAntonin
67%
Asian Tour | CaraïbesNacca
67%
DubaïLaura
65%
Australia | Cancùn | MiamiJulia
64%
DubaïMaddy
64%
CaraïbesEloïse
58%
Cancùn | MiamiShanna
58%
South AmericaJessy
56%
South Africa | South AmericaMontaine
55%
South AfricaRawell
54%
South AmericaLiam
53%
Australia | South AmericaNikola
52%
Dubaï | MiamiThéo
52%
South AfricaFanny
51%
CaraïbesMaissane
51%
Asian Tour | South AfricaVincent
50%
DubaïLena
49%
Asian TourTressia
49%
Rio | South Africa | ThaïlandeTressia
48%
Asian TourAnthony
47%
ThaïlandeAurélie
47%
Australia | ThaïlandeAnthony
46%
CaraïbesNicolas
46%
South AfricaThomas
44%
CaraïbesAllan
43%
AustraliaCamille
43%
DubaïIllan
43%
RioCharlotte
41%
DubaïFlorent
41%
Asian Tour | ThaïlandeJordan
41%
DubaïAlex
39%
DubaïLuna
39%
RioMicha
37%
RioGaëlle
36%
Cancùn | RioKelly
36%
Asian TourNess
36%
South AmericaHillary
35%
AustraliaCloé
32%
CaraïbesCassandre
28%
South AfricaRémi
27%
South AmericaVirgil
27%
ThaïlandeEmmanuelle
26%
AustraliaJérémy
24%
RioRomain
24%
South AmericaValentin
24%
South AmericaMatthieu
23%
MiamiLola
22%
DubaïSandro
22%
Asian TourTrystana
22%
South AfricaClément
21%
CancùnGiulia
21%
CancùnAlexandre
19%
RioMérylie
19%
ThaïlandeNorma
19%
South AfricaBryan
16%
CancùnMickaël
16%
AustraliaTony
16%
South AmericaXavier
16%

Distribution des résultats

Percentile par nombre de réponses

% des personnes avec chaque résultat

Votre développement - résultats

Vous n’avez pas pris ce quiz depuis la dernière actualisation